000 00805cab a2200229 4500
001 WB3439-05
008 090401t1998 xxu||||| |||| 00| 0 eng d
035 _a(Sirsi) u88960
041 _aeng
245 _aSurvey shows construction industry in decline
260 _c1998
350 _a0
490 _aBuilding
_v263(8059) 9 October 1998, 18(1)
520 _aAccording to the Chartered Institute of Purchasing and Supply, September showed a decline for all areas of UK construction, including the commercial sector, housing, civil engineering and overseas work. Graph.
650 _a1998
650 _aCHARTERED INSTITUTE OF PURCHASING AND SUPPLY
650 _aCONSTRUCTION MARKET
650 _aDECLINE
690 _aBUILDING AND CONSTRUCTION-ECONOMICS
942 _n0
948 _c13/10/1998
999 _c56247
_d56247